Ústava Slovenskej republiky a Listina základných práv a slobôd

Bibliographic Details
Corporate Authors: Slovensko (Author), Listina základných práv a slobôd (1991)
Format: Book
Language:Slovak
PhysicalDescription:103 s. 21 cm
Published: Bratislava Nová Práca 2013
ISBN:9788089350421 (brož.)
Subjects:

MARC

LEADER 00000cam a2200000 a 4500
001 vtls010514382
003 SK-MaSNL
005 20260425232952.0
008 190927s2013 xo l 000 0 slo
015 |a SNBI2014 
020 |a 9788089350421 (brož.) 
035 |a C6BBC6E8-CEDD-40A6-8923-DEAEE398948F 
035 |a urn:nbn:sk:snk-amjnfg 
035 |a urn:nbn:sk:snk-am000xp0 
040 |a SNK  |b slo  |c SNK  |e AACR2 
041 0 |a slo 
043 |a e-xo--- 
044 |a xo  |c SK 
072 7 |a 342  |x Ústavné právo. Správne právo  |2 konspekt 
080 |a 342.2  |2 2001 
080 |a 342  |2 2001 
080 |a (437.6)  |2 2001 
080 |a (094.5)  |2 2001 
110 1 |a Slovensko  |4 aut  |9 266955 
240 1 0 |a Ústava Slovenskej republiky (1992, novela 2012) 
245 1 0 |a Ústava Slovenskej republiky a Listina základných práv a slobôd 
246 1 0 |a Listina základných práv a slobôd 
260 |a Bratislava  |b Nová Práca  |c 2013 
300 |a 103 s.  |c 21 cm 
500 |a Názov z obálky 
650 0 7 |a ústavy  |2 SNKPH  |9 340977 
650 0 7 |a ústavné právo  |2 SNKPH  |9 2256 
650 0 7 |a Constitutions  |2 SNKPHeng  |9 327631 
650 0 7 |a Constitutional law  |2 SNKPHeng  |9 99107 
651 7 |a Slovensko  |2 SNKPH  |9 14231 
651 7 |a Slovakia  |2 SNKPHeng  |9 92630 
655 7 |a zákony  |2 SNKPH  |9 70186 
655 7 |a Laws  |2 SNKPHeng  |9 266957 
710 1 2 |a Listina základných práv a slobôd (1991)  |9 485278 
852 |a Štátna vedecká knižnica v Banskej Bystrici 
919 |a 978-80-89350-42-1 
999 |c 753166  |d 755096 
952 |a SNK  |b SNK  |y PREZ  |7 0  |p 17A1094241  |o snkSC 157572  |i snk2014/391  |8 0  |0 0  |1 0  |4 0  |d 2014-01-08  |l 0  |r 2025-08-20 00:00:00  |w 2026-02-23 
952 |a SNK  |b SNK  |y VYP  |7 0  |p 17A1094242  |o snkSC 157572 D1  |i snk2014/392  |8 0  |0 0  |1 0  |4 0  |d 2014-01-08  |f 1  |l 0  |r 2026-02-23 23:39:03  |w 2026-02-23